书目信息 |
| 题名: |
怎样装配收音机
|
|
| 作者: | 冯报本 , 冯炜然 编著 | |
| 分册: | ||
| 出版信息: | 北京 人民邮电出版社 1961 |
|
| 页数: | 303页 | |
| 开本: | 19cm | |
| 丛书名: | ||
| 单 册: | ||
| 中图分类: | TN805 , TN805 | |
| 科图分类: | ||
| 主题词: | 收音机--装配 , 电信设备 | |
| 电子资源: | ||
| ISBN: | ||
| 000 | 00724nam0 2200277 45 981 | |
| 001 | 0639607828 | |
| 005 | 20060804110054.89 | |
| 010 | @dCNY0.91 | |
| 091 | @a15045.总1137-无307 | |
| 100 | @a19960524d1961 mk y0chiy0121 ea | |
| 101 | 0 | @achi |
| 102 | @aCN@b110000 | |
| 105 | @aaf z 000yy | |
| 106 | @ar | |
| 200 | 10 | @a怎样装配收音机@Azen yang zhuang pei shou yin ji@f冯报本,冯炜然编著 |
| 210 | @a北京@c人民邮电出版社@d1961 | |
| 215 | @a303页@c表,图@d19cm | |
| 606 | @a收音机@x装配 | |
| 606 | 0 | @a电信设备 |
| 686 | @a448.824 | |
| 690 | @aTN805 | |
| 690 | @aTN805@v3 | |
| 701 | 0 | @a冯报本@4编著@Afeng bao ben |
| 701 | 0 | @a冯炜然@4编著@Afeng wei ran |
| 801 | 0 | @c20060804 |
| 905 | @a10447@dTN805@e29 | |
| 怎样装配收音机/冯报本,冯炜然编著 .-北京:人民邮电出版社,1961 |
| 303页:表,图;19cm |
| ISBN :CNY0.91 |
| ● |
| 相关链接 |
|
|
|
|
正题名:怎样装配收音机
索取号:TN805/29
 
预约/预借
| 序号 | 登录号 | 条形码 | 馆藏地/架位号 | 状态 | 备注 |
| 1 | 0439725 | 204397250 | 密集书库/ [索取号:TN805/29] | 在馆 |